Twenty One Pilots - Forest (Lyrics) - Statistics

General Stats
  • This quiz has been taken 17 times
  • The average score is 310 of 413
Answer Stats
Answer % Correct
don‘t
100%
don’t
100%
I
100%
know
100%
why
100%
a
86%
and
86%
be
86%
be?
86%
fire
86%
for
86%
forest
86%
heard
86%
in
86%
is
86%
it
86%
on
86%
one
86%
sing
86%
so
86%
that
86%
that?
86%
the
86%
this
86%
to
86%
treehouse
86%
wanna
86%
we
86%
we‘ll
86%
well
86%
what
86%
when
86%
who
86%
you
86%
your
86%
you‘re
86%
all
71%
am
71%
anyone
71%
are
71%
around
71%
better
71%
bother
71%
brain
71%
cause
71%
chorus
71%
corner
71%
scream
71%
does
71%
done
71%
down
71%
else
71%
emotion
71%
ever
71%
everybody
71%
eyelashes
71%
eyes
71%
feed
71%
find
71%
from
71%
gas
71%
hands
71%
has
71%
have
71%
held
71%
higher
71%
inside
71%
just
71%
king
71%
kingdom
71%
knows
71%
let‘s
71%
listened
71%
little
71%
lives
71%
look
71%
lose
71%
make
71%
me
71%
my
71%
name?
71%
name
71%
nobody
71%
not
71%
of
71%
our
71%
place
71%
right
71%
scream
71%
see
71%
side
71%
singing
71%
smell
71%
some
71%
someone
71%
something
71%
songs
71%
squint
71%
stay
71%
stomach
71%
supposed
71%
terrified
71%
then
71%
there‘s
71%
think
71%
we‘re
71%
what’s
71%
what‘s
71%
adore
57%
comes
57%
different
57%
enough
57%
everything
57%
flags
57%
form
57%
given
57%
had
57%
imagination
57%
light
57%
might
57%
moving
57%
oh
57%
onto
57%
over
57%
pieces
57%
planned
57%
please
57%
poisoned
57%
quickly
57%
reason
57%
remember
57%
storm
57%
takes
57%
these
57%
towards
57%
understand
57%
up
57%
white
57%
wrote
57%
becoming
43%
dire
43%
food
43%
forward
43%
happened
43%
hoisted
43%
into
43%
Ooh
43%
ooh
43%
or
43%
page
43%
reasons
43%
situation’s
43%
storms
43%
swing
43%
swinging
43%
thought
43%
throws
43%
took
43%
torn
43%
No matching quizzes found
Score Distribution
Percent of People with Each Score
Percentile by Number Answered
Your Score History
You have not taken this quiz